000 00671cab a2200217 4500
001 WB3115-57
008 090401t1995 xxu||||| |||| 00| 0 eng d
035 _a(Sirsi) u52131
041 _aeng
245 _aUrban road pricing
260 _c1995
350 _a0
490 _aRICS Press Release
_v(PR34/95INFRA) 5 April 1995 (1)
520 _aThe government must lead the way in the urban road pricing initiative says the RICS commenting on the Transport Committee Urban Road pricing report.
650 _aRICS COMMENT
650 _aROAD PRICING
650 _aURBAN ROAD PRICING
690 _aTRANSPORT AND COMMUNICATIONS
942 _n0
948 _c04/03/1997
999 _c32340
_d32340